| 000 | 01058 a2200289 4500 | ||
|---|---|---|---|
| 001 | 200002546 | ||
| 999 |
_c200002546 _d10527 |
||
| 003 | TR-AnTOB | ||
| 005 | 20231229120406.0 | ||
| 008 | 110206s2010 tu 000 0 d | ||
| 020 | _a9789751622556 | ||
| 040 | _aTR-AnTOB | ||
| 041 | _atur | ||
| 050 | 1 | 4 |
_aDR479.R9 _bK654 2010 |
| 090 | _aDR479.R9 K654 2010 | ||
| 100 | 1 |
_aKolesnikov, A. A. _q(Aleksandr Antonovich) _9110056 |
|
| 245 | 1 | 0 |
_aAtatürk dönemi Türk - Rus ilişkileri : _bTürk Sovyet ilişkilerinin kuruluşunun 90. yılı _cAleksandr Kolesnikov, çev. : İlyas Kamalov. |
| 264 | 1 |
_aAnkara : _bAtatürk Araştırma Merkezi, _c2010. |
|
| 300 |
_a161 p. _c24 cm. _e+ 1 CD ROM |
||
| 651 | 0 |
_aRussia (Federation) _xForeign relations _zTurkey _971854 |
|
| 651 | 0 |
_aTurkey _xForeign relations _zRussia (Federation) _971855 |
|
| 651 | 7 |
_aTürkiye _xDış ilişkiler _zRusya (Federasyon) _2etuturkob _971857 |
|
| 651 | 7 |
_aRusya (Federasyon) _xDış ilişkiler _zTürkiye _2etuturkob _986048 |
|
| 700 | 1 |
_aKamalov, İlyas, _d1978- _939229 |
|
| 910 | _a0035032 | ||
| 942 | _cMX | ||